サーティワンアイスクリームの定番フレーバー - Statistics

General Stats
  • This quiz has been taken 129 times
  • The average score is 10 of 20
Answer Stats
フレーバー % Correct
バニラ
90%
ポッピングシャワー
85%
チョコレート
77%
大納言あずき
75%
オレンジソルベ
70%
ベリーベリーストロベリー
63%
抹茶
62%
ロッキーロード
56%
マスクメロン
50%
クッキーアンドクリーム
50%
キャラメルリボン
45%
ラブポーションサーティワン
43%
ジャモカコーヒー
35%
チョコレートミント
34%
ストロベリーチーズケーキ
32%
ナッツトゥユー
25%
チョップドチョコレート
24%
バナナアンドストロベリー
24%
ジャモカアーモンドファッジ
23%
ラムレーズン
20%
No matching quizzes found
Score Distribution
Percent of People with Each Score
Percentile by Number Answered
Your Score History
You have not taken this quiz